Joan Junyer : exposició retrospectiva
MARC
| LEADER | 00000nam a2200000 a 4500 | ||
|---|---|---|---|
| 001 | 29139 | ||
| 003 | AGDB | ||
| 005 | 20260324181541.0 | ||
| 008 | 251217b spa||||| |||| 00| 0 cat d | ||
| 040 | |a agdb |b cat | ||
| 041 | |a cat | ||
| 245 | |a Joan Junyer : exposició retrospectiva |h (targeta) | ||
| 260 | |a [Girona?] : |b Generalitat de Catalunya, |c 1990 | ||
| 300 | |a targeta ; |c 10 x 16 cm | ||
| 500 | |a Prové del fons Joan Junyer i Pascual (1909-1994) | ||
| 500 | |a Targeta d'invitació a la inauguració de l'exposició celebrada a la Casa de cultura Tomàs de Lorenzana, Girona, el maig de 1990 | ||
| 600 | 0 | |a Junyer, Joan, |d 1904-1994 |v Exposicions |9 72867 | |
| 650 | |a Fons Joan Junyer i Pascual (1909-1994) |9 72777 | ||
| 650 | 0 | |a Art |x Exposicions |2 Arxiu |9 43798 | |
| 655 | 0 | |a Targetes postals |9 52685 | |
| 700 | |a Junyer, Joan, |d 1904-1994 |9 53028 | ||
| 710 | |a Generalitat de Catalunya |9 65817 |e entitat editora | ||
| 942 | |2 udc |c ARXIU |n 1 | ||
| 952 | |0 0 |1 0 |2 udc |4 0 |6 F504220 |7 0 |9 98810 |a Arxiu |b Arxiu |d 2025-12-17 |l 0 |o F-504-220 |p 29139 |r 2025-12-17 13:57:14 |w 2025-12-17 |y ARXIU | ||
| 952 | |0 0 |1 0 |2 udc |4 0 |6 F504221 |7 1 |9 98811 |a Arxiu |b Arxiu |d 2025-12-18 |l 0 |o F-504-221 |p 29140 |r 2025-12-18 09:58:02 |w 2025-12-18 |y ARXIU | ||
| 999 | |c 130498 |d 130498 | ||